[Event "Fagernes Open 2021"]
[Site "Fagernes"]
[Date "2021.10.12"]
[Round "4.1"]
[White "Dahl, Torbjorn"]
[Black "Fiskaaen, Martin Holten"]
[Result "1/2-1/2"]
[WhiteElo "1876"]
[BlackElo "1829"]
[Annotator "NA"]
[PlyCount "69"]
[EventDate "2021.10.10"]
[EventCountry "NOR"]
[SourceTitle "playchess.com"]
[Source "ChessBase"]
[SourceQuality "1"]
[TimeControl "40/5400+30:1800+30"]

1. e4 {[%emt 0:00:00]} c5 {[%emt 0:00:00]} 2. d3 {[%emt 0:00:00]} Nc6 {[%emt 0:00:00]} 3. Nf3 {[%emt 0:00:00]} g6 {[%emt 0:00:00]} 4. g3 {[%emt 0:00:00]} Bg7 {[%emt 0:00:00]} 5. Bg2 {[%emt 0:00:00]} e6 {[%emt 0:01:49]} 6. O-O {[%emt 0:00:15]} d5 {[%emt 0:03:42]} 7. Nbd2 {[%emt 0:00:12]} Nge7 {[%emt 0:00:59]} 8. Re1 {[%emt 0:00:57]} O-O {[%emt 0:01:17]} 9. c3 {[%emt 0:00:14]} e5 {[%emt 0:14:03]} 10. Qe2 {[%emt 0:01:44]} d4 {[%emt 0:04:23]} 11. c4 {[%emt 0:04:05]} a6 {[%emt 0:04:12]} 12. Nf1 {[%emt 0:00:35]} b5 {[%emt 0:01:41]} 13. b3 {[%emt 0:01:02]} Qd6 {[%emt 0:04:48]} 14. h4 {[%emt 0:00:23]} f5 {[%emt 0:06:42]} 15. exf5 {[%emt 0:02:15]} gxf5 {[%emt 0:01:34]} 16. N1h2 {[%emt 0:06:48]} Bb7 {[%emt 0:11:55]} 17. Bg5 {[%emt 0:04:49]} Rae8 {[%emt 0:02:15]} 18. h5 {[%emt 0:03:41]} h6 {[%emt 0:03:38]} 19. Bd2 {[%emt 0:00:52]} Kh8 {[%emt 0:01:11]} 20. Nh4 {[%emt 0:01:16]} Kh7 {[%emt 0:05:27]} 21. Rac1 {[%emt 0:02:34]} Bf6 {[%emt 0:06:54]} 22. cxb5 {[%emt 0:07:10]} axb5 {[%emt 0:00:27]} 23. N2f3 {[%emt 0:13:09]} Ra8 {[%emt 0:03:39]} 24. Rc2 {[%emt 0:03:44]} e4 {[%emt 0:04:32]} 25. Nxf5 {[%emt 0:05:16]} Nxf5 {[%emt 0:01:01]} 26. Qxe4 {[%emt 0:00:28]} Bg7 {[%emt 0:03:13]} 27. Nh4 {[%emt 0:04:22]} Qd7 {[%emt 0:04:05]} 28. Bh3 {[%emt 0:08:42]} Ne5 {[%emt 0:04:19]} 29. Bxf5+ {[%emt 0:23:40]} Rxf5 {[%emt 0:00:17]} 30. Qxf5+ {[%emt 0:02:40]} Qxf5 {[%emt 0:00:06]} 31. Nxf5 {[%emt 0:00:08]} Nf3+ {[%emt 0:00:05]} 32. Kf1 {[%emt 0:01:04]} Nh2+ {[%emt 0:00:05]} 33. Kg1 {[%emt 0:00:12]} Nf3+ {[%emt 0:00:05]} 34. Kf1 {[%emt 0:00:24]} Nh2+ {[%emt 0:00:06]} 35. Kg1 {[%emt 0:00:20]} 1/2-1/2

[Event "Fagernes Open 2021"]
[Site "Fagernes"]
[Date "2021.10.12"]
[Round "4.2"]
[White "Eriksen, Olai Dyrhaug"]
[Black "Krivenko, Dion"]
[Result "0-1"]
[WhiteElo "1809"]
[BlackElo "2045"]
[Annotator "ChessBase"]
[PlyCount "72"]
[EventDate "2021.10.10"]
[EventCountry "NOR"]
[SourceTitle "playchess.com"]
[Source "ChessBase"]
[SourceQuality "1"]
[TimeControl "40/5400+30:1800+30"]

1. c4 {[%emt 0:00:00]} Nf6 {[%emt 0:00:00]} 2. Nc3 {[%emt 0:00:00]} g6 {[%emt 0:00:00]} 3. e4 {[%emt 0:00:00]} d6 {[%emt 0:00:00]} 4. g3 {[%emt 0:00:00]} Bg7 {[%emt 0:00:00]} 5. Bg2 {[%emt 0:00:00]} O-O {[%emt 0:00:00]} 6. Nge2 {[%emt 0:00:00]} e5 {[%emt 0:00:00]} 7. O-O {[%emt 0:00:00]} Nc6 {[%emt 0:00:00]} 8. d3 {[%emt 0:00:00]} Nd4 {[%emt 0:00:00]} 9. Nxd4 {[%emt 0:00:16]} exd4 {[%emt 0:00:00]} 10. Nd5 {[%emt 0:00:29]} c6 {[%emt 0:00:00]} 11. Nf4 {[%emt 0:10:53]} a6 {[%emt 0:02:11]} 12. b3 {[%emt 0:03:59]} Rb8 {[%emt 0:03:59]} 13. Bb2 {[%emt 0:02:15]} c5 {[%emt 0:00:41]} 14. Nd5 {[%emt 0:05:46]} b5 {[%emt 0:02:14]} 15. Qc2 {[%emt 0:11:54]} bxc4 {[%emt 0:02:20]} 16. bxc4 {[%emt 0:00:11]} Nxd5 {[%emt 0:01:00]} 17. exd5 {[%emt 0:00:33]} Bf5 {[%emt 0:00:29]} 18. Bc1 {[%emt 0:07:40]} Qa5 {[%emt 0:09:51]} 19. Bf4 {[%emt 0:02:56]} Rfd8 {[%emt 0:07:32]} 20. Rfb1 {[%emt 0:07:45]} Qc3 {[%emt 0:08:28]} 21. Qxc3 {[%emt 0:00:16]} dxc3 {[%emt 0:01:04]} 22. Rxb8 {[%emt 0:00:23]} Rxb8 {[%emt 0:00:06]} 23. Be4 {[%emt 0:12:07]} Bxe4 {[%emt 0:22:37]} 24. dxe4 {[%emt 0:00:09]} Rb6 {[%emt 0:00:01]} 25. Rc1 {[%emt 0:01:55]} Bd4 {[%emt 0:01:52]} 26. Kf1 {[%emt 0:02:58]} Rb2 {[%emt 0:03:36]} 27. Be3 {[%emt 0:00:24]} Kg7 {[%emt 0:11:25]} 28. Bxd4+ {[%emt 0:03:30]} cxd4 {[%emt 0:00:19]} 29. e5 {[%emt 0:13:08]} dxe5 {[%emt 0:00:19]} 30. a4 {[%emt 0:00:08]} Kf6 {[%emt 0:03:05]} 31. c5 {[%emt 0:00:20]} Ke7 {[%emt 0:00:41]} 32. Kg2 {[%emt 0:01:40]} e4 {[%emt 0:01:02]} 33. Kf1 {[%emt 0:01:51]} f5 {[%emt 0:01:32]} 34. h4 {[%emt 0:00:00]} Rb4 {[%emt 0:00:31]} 35. d6+ {[%emt 0:02:31]} Kd7 {[%emt 0:00:15]} 36. Ke1 {[%emt 0:00:24]} Kc6 {[%emt 0:00:54]} 0-1

[Event "Fagernes Open 2021"]
[Site "Fagernes"]
[Date "2021.10.12"]
[Round "4.3"]
[White "Ostensen, Nicolai Maxime"]
[Black "Kittilsen, Sigurd"]
[Result "0-1"]
[WhiteElo "1768"]
[BlackElo "1881"]
[Annotator "NA"]
[PlyCount "90"]
[EventDate "2021.10.10"]
[EventCountry "NOR"]
[SourceTitle "playchess.com"]
[Source "ChessBase"]
[SourceQuality "1"]
[TimeControl "40/5400+30:1800+30"]

1. c4 {[%emt 0:00:00]} c5 {[%emt 0:00:00]} 2. g3 {[%emt 0:00:00]} g6 {[%emt 0:00:00]} 3. Bg2 {[%emt 0:00:00]} Bg7 {[%emt 0:00:00]} 4. e3 {[%emt 0:00:00]} Nc6 {[%emt 0:00:00]} 5. Ne2 {[%emt 0:00:00]} e5 {[%emt 0:05:07]} 6. O-O {[%emt 0:00:00]} Nge7 {[%emt 0:00:31]} 7. Nbc3 {[%emt 0:00:00]} O-O {[%emt 0:01:12]} 8. a3 {[%emt 0:00:00]} d6 {[%emt 0:01:13]} 9. Rb1 {[%emt 0:00:00]} Be6 {[%emt 0:10:09]} 10. Nd5 {[%emt 0:00:00]} Rb8 {[%emt 0:02:47]} 11. Nec3 {[%emt 0:01:17]} a6 {[%emt 0:11:06]} 12. d3 {[%emt 0:19:53]} b5 {[%emt 0:03:10]} 13. b3 {[%emt 0:03:00]} Qd7 {[%emt 0:08:22]} 14. Re1 {[%emt 0:02:12]} Bh3 {[%emt 0:14:07]} 15. Bh1 {[%emt 0:01:50]} Nxd5 {[%emt 0:00:34]} 16. Nxd5 {[%emt 0:00:52]} Ne7 {[%emt 0:00:36]} 17. Bb2 {[%emt 0:02:10]} Nxd5 {[%emt 0:02:00]} 18. Bxd5 {[%emt 0:00:21]} Be6 {[%emt 0:02:48]} 19. Bg2 {[%emt 0:00:52]} d5 {[%emt 0:00:57]} 20. cxd5 {[%emt 0:01:44]} Bxd5 {[%emt 0:00:18]} 21. e4 {[%emt 0:02:54]} Be6 {[%emt 0:03:08]} 22. b4 {[%emt 0:01:11]} Rbc8 {[%emt 0:06:00]} 23. Bf1 {[%emt 0:02:21]} Qd6 {[%emt 0:02:51]} 24. Bc3 {[%emt 0:03:58]} Rfd8 {[%emt 0:02:49]} 25. bxc5 {[%emt 0:01:04]} Qxc5 {[%emt 0:00:38]} 26. Bb4 {[%emt 0:00:09]} Qd4 {[%emt 0:01:12]} 27. Qe2 {[%emt 0:01:30]} Bf8 {[%emt 0:03:53]} 28. Qb2 {[%emt 0:01:02]} Bc5 {[%emt 0:01:26]} 29. Bxc5 {[%emt 0:03:49]} Qxb2 {[%emt 0:03:28]} 30. Rxb2 {[%emt 0:00:02]} Rxc5 {[%emt 0:00:11]} 31. Kg2 {[%emt 0:02:32]} g5 {[%emt 0:03:13]} 32. Ra1 {[%emt 0:03:50]} Bd7 {[%emt 0:03:32]} 33. f3 {[%emt 0:01:28]} Rdc8 {[%emt 0:00:53]} 34. Kf2 {[%emt 0:00:33]} Rc1 {[%emt 0:01:33]} 35. Rab1 {[%emt 0:02:02]} Rxb1 {[%emt 0:02:31]} 36. Rxb1 {[%emt 0:00:01]} Rc2+ {[%emt 0:00:26]} 37. Be2 {[%emt 0:00:24]} Ra2 {[%emt 0:01:24]} 38. Rb3 {[%emt 0:00:19]} a5 {[%emt 0:02:28]} 39. Ke3 {[%emt 0:00:33]} f6 {[%emt 0:00:58]} 40. h4 {[%emt 0:00:54]} gxh4 {[%emt 0:00:53]} 41. gxh4 {[%emt 0:30:02]} Kf7 {[%emt 0:30:41]} 42. f4 {[%emt 0:01:43]} exf4+ {[%emt 0:00:00]} 43. Kf3 {[%emt 0:00:00]} h5 {[%emt 0:00:00]} 44. d4 {[%emt 0:00:00]} Bg4+ {[%emt 0:00:00]} 45. Kxf4 {[%emt 0:00:00]} Bxe2 {[%emt 0:00:00]} 0-1

[Event "Fagernes Open 2021"]
[Site "Fagernes"]
[Date "2021.10.12"]
[Round "4.4"]
[White "Kreken, Eivind Grunt"]
[Black "Myagmarsuren, Evsuld"]
[Result "1-0"]
[WhiteElo "1838"]
[BlackElo "1650"]
[Annotator "NA"]
[PlyCount "61"]
[EventDate "2021.10.10"]
[EventCountry "NOR"]
[SourceTitle "playchess.com"]
[Source "ChessBase"]
[SourceQuality "1"]
[TimeControl "40/5400+30:1800+30"]

1. d4 {[%emt 0:00:00]} d5 {[%emt 0:00:00]} 2. c4 {[%emt 0:00:00]} c6 {[%emt 0:00:00]} 3. Nf3 {[%emt 0:00:00]} e6 {[%emt 0:00:00]} 4. e3 {[%emt 0:00:00]} Nf6 {[%emt 0:00:00]} 5. Nc3 {[%emt 0:00:00]} Nbd7 {[%emt 0:00:00]} 6. Bd3 {[%emt 0:00:00]} dxc4 {[%emt 0:00:00]} 7. Bxc4 {[%emt 0:00:00]} b5 {[%emt 0:00:00]} 8. Bd3 {[%emt 0:00:00]} Bb7 {[%emt 0:00:00]} 9. e4 {[%emt 0:00:00]} a6 {[%emt 0:00:00]} 10. e5 {[%emt 0:00:00]} Nd5 {[%emt 0:00:00]} 11. Nxd5 {[%emt 0:00:00]} cxd5 {[%emt 0:00:00]} 12. h4 {[%emt 0:00:00]} Bb4+ {[%emt 0:00:03]} 13. Kf1 {[%emt 0:00:00]} Be7 {[%emt 0:01:28]} 14. Rh3 {[%emt 0:01:25]} b4 {[%emt 0:27:10]} 15. Rg3 {[%emt 0:09:27]} g6 {[%emt 0:03:29]} 16. h5 {[%emt 0:03:45]} a5 {[%emt 0:07:28]} 17. Kg1 {[%emt 0:01:45]} Ba6 {[%emt 0:04:49]} 18. Bh6 {[%emt 0:12:05]} Bxd3 {[%emt 0:12:19]} 19. Qxd3 {[%emt 0:00:11]} Rc8 {[%emt 0:04:59]} 20. Ng5 {[%emt 0:41:35]} Nf8 {[%emt 0:13:38]} 21. Qf3 {[%emt 0:11:52]} Bxg5 {[%emt 0:00:12]} 22. Bxg5 {[%emt 0:00:08]} Qd7 {[%emt 0:00:40]} 23. a3 {[%emt 0:09:55]} h6 {[%emt 0:07:21]} 24. Bf6 {[%emt 0:00:00]} Rg8 {[%emt 0:00:14]} 25. axb4 {[%emt 0:00:00]} axb4 {[%emt 0:00:20]} 26. Qb3 {[%emt 0:00:00]} Qb7 {[%emt 0:04:04]} 27. Rc3 {[%emt 0:03:30]} Rc4 {[%emt 0:04:21]} 28. Rxc4 {[%emt 0:04:12]} dxc4 {[%emt 0:00:07]} 29. Qa4+ {[%emt 0:00:16]} Nd7 {[%emt 0:00:51]} 30. Qa8+ {[%emt 0:00:23]} Qb8 {[%emt 0:00:05]} 31. Qc6 {[%emt 0:00:08]} 1-0

[Event "Fagernes Open 2021"]
[Site "Fagernes"]
[Date "2021.10.12"]
[Round "4.5"]
[White "Hellesoy, David"]
[Black "Amundsen, Ask"]
[Result "0-1"]
[WhiteElo "1500"]
[BlackElo "1816"]
[Annotator "NA"]
[PlyCount "68"]
[EventDate "2021.10.10"]
[EventCountry "NOR"]
[SourceTitle "playchess.com"]
[Source "ChessBase"]
[SourceQuality "1"]
[TimeControl "40/5400+30:1800+30"]

1. e4 {[%emt 0:00:00]} c5 {[%emt 0:00:00]} 2. Nf3 {[%emt 0:00:00]} e6 {[%emt 0:00:00]} 3. c4 {[%emt 0:00:00]} Nc6 {[%emt 0:00:00]} 4. Nc3 {[%emt 0:00:00]} a6 {[%emt 0:00:00]} 5. a4 {[%emt 0:00:35]} g6 {[%emt 0:00:00]} 6. d4 {[%emt 0:04:53]} cxd4 {[%emt 0:00:00]} 7. Nxd4 {[%emt 0:00:08]} Bg7 {[%emt 0:00:00]} 8. Nc2 {[%emt 0:09:09]} Nge7 {[%emt 0:06:40]} 9. Be2 {[%emt 0:03:37]} O-O {[%emt 0:01:01]} 10. O-O {[%emt 0:01:42]} d6 {[%emt 0:04:25]} 11. Be3 {[%emt 0:06:58]} e5 {[%emt 0:02:42]} 12. Qd2 {[%emt 0:03:12]} f5 {[%emt 0:05:12]} 13. Bh6 {[%emt 0:01:54]} Bxh6 {[%emt 0:03:07]} 14. Qxh6 {[%emt 0:01:48]} fxe4 {[%emt 0:00:51]} 15. Nxe4 {[%emt 0:01:15]} Nf5 {[%emt 0:00:59]} 16. Qd2 {[%emt 0:04:09]} Nfd4 {[%emt 0:01:50]} 17. Nxd4 {[%emt 0:02:37]} Nxd4 {[%emt 0:00:08]} 18. Bd1 {[%emt 0:07:06]} Be6 {[%emt 0:05:25]} 19. b3 {[%emt 0:06:26]} d5 {[%emt 0:05:07]} 20. Nc5 {[%emt 0:07:12]} dxc4 {[%emt 0:01:44]} 21. Qe3 {[%emt 0:03:45]} Bf7 {[%emt 0:16:14]} 22. bxc4 {[%emt 0:07:11]} Bxc4 {[%emt 0:02:09]} 23. Re1 {[%emt 0:01:33]} Qc7 {[%emt 0:01:50]} 24. Nb3 {[%emt 0:05:47]} Rad8 {[%emt 0:02:41]} 25. Nxd4 {[%emt 0:03:23]} exd4 {[%emt 0:00:36]} 26. Qc1 {[%emt 0:01:11]} b5 {[%emt 0:01:35]} 27. axb5 {[%emt 0:00:54]} axb5 {[%emt 0:00:14]} 28. Bb3 {[%emt 0:03:37]} Qf7 {[%emt 0:01:05]} 29. Bxc4 {[%emt 0:00:36]} bxc4 {[%emt 0:00:13]} 30. Re2 {[%emt 0:02:37]} c3 {[%emt 0:04:09]} 31. Qe1 {[%emt 0:03:42]} d3 {[%emt 0:01:24]} 32. Rea2 {[%emt 0:05:45]} d2 {[%emt 0:00:17]} 33. Qe2 {[%emt 0:01:32]} d1=Q+ {[%emt 0:01:27]} 34. Rxd1 {[%emt 0:00:44]} Qxf2+ {[%emt 0:00:18]} 0-1

[Event "Fagernes Open 2021"]
[Site "Fagernes"]
[Date "2021.10.12"]
[Round "4.6"]
[White "Dulman, Egmond-Gabriel"]
[Black "Orban, Tiberiu"]
[Result "1-0"]
[WhiteElo "2065"]
[BlackElo "1731"]
[Annotator "NA"]
[PlyCount "55"]
[EventDate "2021.10.10"]
[EventCountry "NOR"]
[SourceTitle "playchess.com"]
[Source "ChessBase"]
[SourceQuality "1"]
[TimeControl "40/5400+30:1800+30"]

1. d4 {[%emt 0:00:00]} Nf6 {[%emt 0:00:00]} 2. c4 {[%emt 0:00:00]} e6 {[%emt 0:00:00]} 3. Nc3 {[%emt 0:00:00]} d5 {[%emt 0:00:00]} 4. Bg5 {[%emt 0:00:00]} Be7 {[%emt 0:00:00]} 5. e3 {[%emt 0:00:00]} c6 {[%emt 0:00:00]} 6. cxd5 {[%emt 0:00:00]} exd5 {[%emt 0:00:00]} 7. Bd3 {[%emt 0:00:00]} Nbd7 {[%emt 0:00:09]} 8. Qc2 {[%emt 0:00:14]} Nf8 {[%emt 0:01:17]} 9. Rb1 {[%emt 0:05:01]} Ng4 {[%emt 0:02:45]} 10. Bf4 {[%emt 0:02:10]} Ng6 {[%emt 0:06:47]} 11. Bg3 {[%emt 0:00:40]} Nh4 {[%emt 0:06:07]} 12. Kf1 {[%emt 0:01:55]} Bd6 {[%emt 0:01:33]} 13. Nf3 {[%emt 0:02:55]} Ng6 {[%emt 0:07:11]} 14. Bxd6 {[%emt 0:08:19]} Qxd6 {[%emt 0:00:23]} 15. h3 {[%emt 0:00:26]} Nh6 {[%emt 0:01:25]} 16. g3 {[%emt 0:01:35]} Qf6 {[%emt 0:01:32]} 17. Kg2 {[%emt 0:01:22]} Nf5 {[%emt 0:07:57]} 18. b4 {[%emt 0:10:09]} Nfe7 {[%emt 0:04:31]} 19. b5 {[%emt 0:02:49]} Bf5 {[%emt 0:01:38]} 20. bxc6 {[%emt 0:04:22]} bxc6 {[%emt 0:00:55]} 21. e4 {[%emt 0:05:39]} dxe4 {[%emt 0:00:43]} 22. Nxe4 {[%emt 0:00:22]} Bxe4 {[%emt 0:00:24]} 23. Bxe4 {[%emt 0:00:08]} O-O {[%emt 0:00:28]} 24. Rb7 {[%emt 0:04:01]} Nd5 {[%emt 0:03:13]} 25. h4 {[%emt 0:03:32]} h5 {[%emt 0:01:53]} 26. Ng5 {[%emt 0:02:31]} Nge7 {[%emt 0:00:32]} 27. Bxd5 {[%emt 0:00:19]} Nxd5 {[%emt 0:00:24]} 28. Qh7# {[%emt 0:00:51]} 1-0

[Event "Fagernes Open 2021"]
[Site "Fagernes"]
[Date "2021.10.12"]
[Round "4.7"]
[White "Andersen, Guttorm"]
[Black "Johannessen, Heine N"]
[Result "0-1"]
[WhiteElo "1731"]
[BlackElo "1930"]
[Annotator "TA"]
[PlyCount "122"]
[EventDate "2021.10.10"]
[EventCountry "NOR"]
[SourceTitle "playchess.com"]
[Source "ChessBase"]
[SourceQuality "1"]

{[%evp 16,122,30,15,15,0,33,0,20,22,56,15,39,27,19,-31,-23,-37,-33,-45,-31,-72,-56,-86,-88,-76,-73,-106,-103,-93,-100,-156,-157,-152,-147,-216,-138,-129,-120,-133,-122,-121,-75,-76,-66,-72,-58,-70,-21,-31,0,0,0,0,0,0,0,0,0,0,0,0,0,0,0,0,0,0,0,-8,-8,-29,-34,-68,-8,-8,-8,-54,-6,-129,-129,-170,-129,-993,-960,-939,-932,-939,-932,-932,-932,-500,-34,-932,-932,-932,-932,-932,-136,-932,-932,-614,-614,-439,-439,-5466,-5057,-4631,-4618]} 1. d4 d5 2. c4 dxc4 3. e3 Nf6 4. Bxc4 e6 5. Nf3 c5 6. O-O Nc6 7. Nc3 cxd4 8. exd4 Be7 9. Be3 O-O {D26: Queen's Gambit Accepted: 4 e3 e6 5 Bxc5 c5 sidelines.} 10. Qe2 Nb4 11. Rfd1 Nbd5 {The position is equal.} 12. Bg5 {[#]} a6 $146 ({Predecessor:} 12... b6 13. Rac1 Bb7 14. Ba6 Bxa6 15. Qxa6 Nb4 16. Qa4 Qe8 17. Qxe8 Rfxe8 18. Bxf6 Bxf6 19. a3 {½-½ (55) Gretarsson,H (2156)-Petursson,G (2065) Reykjavik 2007}) 13. Nxd5 Nxd5 14. Bxe7 (14. Bxd5 $5 {[%cal Rg5e7]} Bxg5 15. Be4 $11) 14... Nxe7 15. Ne1 b5 16. Bb3 Bb7 17. Nc2 Qd6 18. Qe5 Rfd8 19. Ne3 Qxe5 20. dxe5 Ng6 21. Rd6 Nxe5 22. Rb6 Be4 23. a4 (23. f3 $142 Bg6 24. Rd1) 23... Nd7 $17 24. Rd6 Nc5 25. Rxd8+ Rxd8 26. Bd1 b4 27. Rc1 Nd3 28. Rc2 Nf4 29. Rc4 {[#]} Nxg2 $1 30. Be2 Nxe3 31. Rxe4 {[%mdl 4096] Endgame KRB-KRN} Nd5 {Hoping for ...a5.} (31... Nc2 {with more complications.} 32. Bxa6 Kf8 33. Bf1 Nd4 34. a5 f5) 32. Bxa6 g5 33. h4 Ra8 34. Bb5 gxh4 35. Bc6 Rb8 36. Bxd5 (36. Rxh4 {feels hotter.} Ne7 37. Bb5 Kg7 38. Bd3 f5 39. Bb5) 36... exd5 $11 {KR-KR} 37. Rg4+ Kf8 38. Rxh4 Ke7 39. Kf1 b3 40. Rxh7 Ke6 41. Ke2 Rc8 42. Rh4 Rc2+ 43. Ke3 Rxb2 44. Rb4 Kd6 ({Black should try} 44... Ra2 $15) 45. Kd4 Kc6 46. f4 (46. Kc3 {is interesting.} Rxf2 47. Kxb3 Rf1 48. Kb2 Kc5 49. Rb7) 46... Re2 {aiming for ...Re4+.} (46... Rc2 {looks sharper.} 47. Rxb3 Rc4+ 48. Ke3 Re4+ 49. Kf3 Rxa4 50. Re3 Kd6) 47. Rxb3 (47. Kc3 $11) 47... Re4+ $17 {[%mdl 64] Double Attack} 48. Kd3 Rxf4 {Strongly threatening ...Rf3+.} 49. Rb8 $2 {[%mdl 8192]} (49. Rb2 $17) 49... Rxa4 $19 50. Rf8 Rf4 51. Ke3 Re4+ 52. Kd3 {[#]} Re7 $1 53. Kd4 Rd7 $2 (53... Ra7 $19 54. Rc8+ Kd7) 54. Rc8+ $2 {[%mdl 8192]} (54. Ra8 $15) 54... Kd6 55. Rh8 Ke6 56. Rh4 Kf5 $2 (56... Rc7 $19 {( -> ...Rc4+)} 57. Rh6+ f6) 57. Rh5+ $2 {[%mdl 8192]} (57. Rh1 $17) 57... Kg6 {Black is clearly winning.} 58. Rh1 f5 59. Ke5 {[#]} Re7+ 60. Kxd5 (60. Kf4 $142 d4 61. Rg1+ Kf6 62. Rg8 Re4+ 63. Kg3) 60... f4 61. Kd4 Kf5 {Weighted Error Value: White=0.46/Black=0.27} 0-1

[Event "Fagernes Open 2021"]
[Site "Fagernes"]
[Date "2021.10.12"]
[Round "4.8"]
[White "Unhjem, Bjorn Robert Lovoll"]
[Black "Stromhaug, Kristoffer Wang"]
[Result "0-1"]
[WhiteElo "1924"]
[BlackElo "1718"]
[Annotator "TA"]
[PlyCount "100"]
[EventDate "2021.10.10"]
[EventCountry "NOR"]
[SourceTitle "playchess.com"]
[Source "ChessBase"]
[SourceQuality "1"]

{[%evp 16,100,18,18,18,18,26,35,62,18,57,34,105,93,190,210,204,207,206,205,191,191,214,204,281,284,364,368,365,365,506,502,495,493,514,464,492,484,494,466,513,497,547,213,204,0,0,0,-8,-104,-99,-105,271,300,275,147,127,124,80,58,81,0,0,0,0,-426,-418,-778,-132,-29968,-29968,-29968,-29970,-29966,-29967,-5197,-5102,-29991,-29992,-29992,-29991,-29993,-29994,-29995,-29989,-29996,-29996]} 1. d4 d5 2. c4 c6 3. cxd5 cxd5 4. Nc3 Nc6 5. Nf3 Nf6 6. Bf4 e6 7. e3 Ne4 8. Bd3 Nxc3 9. bxc3 {[%cal Bb2c3,Bc3c4,Bc4d5][%mdl 32]} Bd6 {D13: Slav Defence: Exchange variation without ...Bf5.} 10. O-O h6 {[#]} 11. Rc1 $146 ({Predecessor:} 11. Ne5 Qc7 12. Qg4 g5 13. Nxc6 gxf4 14. Qg7 Rf8 15. Ne5 Bxe5 16. dxe5 Qxc3 17. Bb5+ {1-0 (57) Stojanovic,M (2534)-Rosner,J (2371) Baden 2016}) 11... O-O {White is slightly better.} 12. Bb1 Qc7 13. Bg3 (13. Bxd6 {is more complex.} Qxd6 14. c4 Bd7 15. Qc2 f5 16. cxd5 exd5 17. Qb2) 13... b6 (13... Bxg3 $14 14. fxg3 Bd7) 14. c4 $16 Bxg3 (14... dxc4 $16 15. Qc2 (15. Rxc4 Bb7 $16) 15... g6) 15. cxd5 $40 {[%mdl 128] White wants a kill.} Bd6 16. dxc6 Ba6 17. Bd3 Bxd3 18. Qxd3 Rac8 19. e4 e5 {intending ...exd4.} 20. d5 ({Weaker is} 20. dxe5 Bc5 $14) ({Much less strong is} 20. Nxe5 $6 Bxe5 21. dxe5 Rfe8 $16) 20... f6 21. Nh4 Kh7 22. Qg3 g5 23. Nf5 {And now Qh3 would win.} Kg6 24. Qd3 (24. Qh3 h5 $18) 24... Rcd8 25. Qa6 Rf7 26. Rfd1 Rh7 27. a4 Ba3 28. Rc3 Bc5 {Now ...Qxc6 and Black clings on.} 29. a5 $2 (29. h4) 29... Qxc6 30. Rcd3 $2 (30. Qc4 $18) 30... Qa4 $11 {[%mdl 64] Double Attack} 31. h4 Qxe4 {[%mdl 64] Double Attack} 32. Ng3 (32. Rf3 $11 {keeps the balance.}) 32... Qxh4 $17 {White must now prevent ...Rhd7.} 33. Rf3 Qa4 $2 {[%mdl 8192]} (33... e4 $17 34. Rc3 Qg4) 34. Qd3+ $18 Kg7 ({Not} 34... e4 $2 35. Nxe4 f5 36. Nxc5 $18) 35. Rxf6 Kxf6 $16 36. Nh5+ Ke7 37. Qxh7+ {[%mdl 64] Double Attack} Kd6 {[#]} 38. Qxh6+ ({Better is} 38. Rd2 $1 $16 {Strongly threatening Nf6.} Qa1+ 39. Kh2) 38... Kc7 $11 39. axb6+ axb6 40. Rd3 {[%mdl 8192] [#]} (40. Rf1 $11 {and White is okay.}) 40... e4 $1 $19 {[%cal Re4d3]} 41. Qg7+ (41. Rg3 $142 Qa1+ 42. Kh2 Bxf2 43. Qxg5 Qg1+ 44. Kh3 Qh1+ 45. Kg4 Qd1+ 46. Kh3 Bxg3 47. Qxg3+ Kb7 48. Qg7+ Ka6 49. Nf4) 41... Kc8 $2 (41... Rd7 $19 42. Qe5+ Kb7) 42. Rc3 $2 {[%mdl 8192]} (42. d6 $17 Bxf2+ 43. Kf1) 42... Qd1+ {[%mdl 64] Double Attack} 43. Kh2 Qxh5+ 44. Rh3 Bd6+ 45. g3 Qf3 46. Qxg5 Qxf2+ {Black mates.} 47. Kh1 Qf1+ 48. Kh2 Rf8 {[%cal Rf8f2]} 49. Qg4+ Kd8 {[%cal Rf8f2]} 50. Qf5 Qe2+ {Weighted Error Value: White=0.97/Black=0.50} 0-1